History of American crime fiction (Record no. 136993)

MARC details
000 -LEADER
fixed length control field 00861nam a2200253Ia 4500
003 - CONTROL NUMBER IDENTIFIER
control field OSt
005 - DATE AND TIME OF LATEST TRANSACTION
control field 20220918170951.0
008 - FIXED-LENGTH DATA ELEMENTS--GENERAL INFORMATION
fixed length control field 220917b |||||||| |||| 00| 0 eng d
020 ## - INTERNATIONAL STANDARD BOOK NUMBER
International Standard Book Number 9781107131019 (hbk)
037 ## - SOURCE OF ACQUISITION
Terms of availability Textual
040 ## - CATALOGING SOURCE
Original cataloging agency ARTS
Transcribing agency ARTS
Language of cataloging eng
041 ## - LANGUAGE CODE
Source of code eng
Language code of text/sound track or separate title eng
100 ## - MAIN ENTRY--PERSONAL NAME
Personal name Razkowski Chris Ed.
9 (RLIN) 32719
245 #0 - TITLE STATEMENT
Title History of American crime fiction
260 ## - PUBLICATION, DISTRIBUTION, ETC.
Place of publication, distribution, etc. Cambridge
Name of publisher, distributor, etc. Cambridge University Press UK
Date of publication, distribution, etc. 2017
300 ## - PHYSICAL DESCRIPTION
Extent x,363p.
Dimensions cm.
650 ## - SUBJECT ADDED ENTRY--TOPICAL TERM
Topical term or geographic name entry element CRIMES; ENGLISH FICTION
9 (RLIN) 32720
942 ## - ADDED ENTRY ELEMENTS (KOHA)
Classification part O111973,3(Y:45):g, Q7
Koha item type Textual
Source of classification or shelving scheme Colon Classification (CC)
Holdings
Withdrawn status Lost status Damaged status Not for loan Home library Current library Date acquired Source of acquisition Total Checkouts Full call number Barcode Date last seen Price effective from Koha item type
        Arts Library Arts Library 2022-09-18 1090704, 08/02/2019, Atlantic Publisher & Dist.Pvt.Ltd.   O111973,3(Y:45):g Q7 AL1663412 2022-09-18 2022-09-18 Textual
Copyright @ Delhi University Library System